30 Facts That Start with 'H' Quiz Stats

Quiz Updated Nov 7, 2017

Also try: Adages II
Challenge
Share
Tweet
Embed
Score 0/30 Timer 05:00
3 Plays Today
Question Answer % Correct
On Twitter, what name is given to the '#' symbol?Hashtag
96.8%
Established in 1636, what is the oldest university in the U.S.A.?Harvard
96.1%
The ventricles and atria are found in which human body organ?Heart
94.1%
In 1945, which Japanese city was the first to be attacked by an atomic bomb?Hiroshima
90.1%
'Striped' and 'Spotted' are types of what African animal, known for its laughing cry?Hyena
90%
What chemical element has the atomic number 2?Helium
88.4%
Who won back-to-back Best Actor Oscars for 'Philadelphia' and 'Forrest Gump'?Hanks (Tom)
88.2%
What surname is shared by socialites Paris and Nicky?Hilton
88.2%
What is the capital city of Cuba?Havana
88.1%
Who founded 'Playboy' magazine in 1953?Hefner (Hugh)
87.3%
Which Greek mythological hero is known for his 'twelve labours'?Heracles
82.5%
In 1992, 'I Will Always Love You' was a hit song for which singer?Houston (Whitney)
80.8%
Ophelia and Polonius are characters in what Shakespeare play?Hamlet
79.6%
'Papa Doc' and 'Baby Doc' Duvalier ruled which Caribbean nation between 1957 and 1986?Haiti
77.9%
The dish goulash originated in what country?Hungary
77.4%
Question Answer % Correct
Before 1947, what was known as the Boulder Dam?Hoover Dam
76.1%
What is the S.I. unit of frequency?Hertz
75.1%
Ted, Barney, Marshall, Lily and Robin are characters in what sitcom?How I Met Your Mother
75%
What name is given to a 2-dimensional shape with seven sides?Heptagon
72.8%
What name was given to the writing system of ancient Egypt?Hieroglyphs
71.1%
What unit of area is equal to 10,000 square meters?Hectare
59.9%
'Water Music' and 'Messiah' are orchestral works by which German composer?Händel (George Frederic)
58.9%
Which actress is the daughter of Goldie Hawn?Hudson (Kate)
52.2%
Who was the Greek equivalent of the Roman god Mercury?Hermes
51.9%
What is the name of the pilgrimage to Mecca, undertaken by Muslims?Hajj
49.2%
Released in 1976, 'Family Plot' was the last film directed by whom?Hitchcock (Alfred)
47%
Damian Lewis plays Marine Nicholas Brody in what TV series?Homeland
40.1%
Which English king was killed at the Battle of Hastings?Harold II
37.2%
What is the name of the dance performed by the All Blacks rugby team before matches?Haka
34.9%
What word describes the 'Histories' in a series of Terry Deary children's books?Horrible
28.6%

You're not logged in!

Compare scores with friends on all Sporcle quizzes.
Join for Free
OR
Log In

You Might Also Like...

Show Comments

Extras

Top Quizzes Today


Score Distribution

Your Account Isn't Verified!

In order to create a playlist on Sporcle, you need to verify the email address you used during registration. Go to your Sporcle Settings to finish the process.

Report this User

Report this user for behavior that violates our Community Guidelines.

Details: